000 01399nam2a22002771 4500
001 rc\4456822
005 20250612090713.0
021 _aRU
_b[66-1701]
021 _aRU
_b[65-71667]
035 _a(NLR Aleph) 008590378
090 _a8640131
_c8640131
100 _a20130416d1965 |||y0rusy50 ca
101 0 _arus
102 _aRU
105 _aab z |||||
200 1 _aПериод социализма
_fРед. коллегия: канд. ист. наук В.Г. Черемных (ред.) [и др.]
210 _d1965
_aБ. м.
215 _a611 с.
_cил., карт.
320 _aБиблиогр.: с. 599-609
461 0 _1001rc\4456820
_12001#$aИстория Урала$eПособие для студентов, учителей и самообразования$eВ 2 т.$fПод общ. ред. д-ра ист. наук проф. Ф.С. Горового. Т. 1-2$g[Перм. гос. ун-т им. А.М. Горького]$vТ. 2
_98640119
_cПермь
_d1963-1965
_fПод общ. ред. д-ра ист. наук проф. Ф.С. Горового. Т. 1-2
_nКн. изд-во
_oПособие для студентов, учителей и самообразования : В 2 т.
_p2 т.
_tИстория Урала
_vТ. 2
702 1 _aЧеремных
_bВ.Г.
_4340
801 0 _aRU
_bNLR
_gpsbo
801 1 _aRU
_bELAR
_2rusmarc
852 _aNLR
_j63-5/4725
942 _cBOOK
980 _aNB